Angličtina pro posluchače přírodovědecké fakulty /

Hlavní autor: Tichý, Aleš, 1931-1988
Korporativní autor: Univerzita J.E. Purkyně v Brně. Přírodovědecká fakulta
Jazyk: Čeština
Angličtina
Vydáno: Praha : Státní pedagogické nakladatelství, 1962
Vydání: 1. vyd.
Edice: Učební texty vysokých škol
Témata:
Fyzický popis: 227 s.
Knihy
Uloženo v:
LEADER 01149nam a22003132a 4500
001 000755023
003 CZ BrMZK
005 20060324112642.0
007 ta
008 041213s1962 xr er|||||||||||cze d
015 |a cnb000689929 
035 |a (OCoLC)85470596 
040 |a BOA001  |b cze 
041 0 |a cze  |a eng 
080 |a 420(075.8)  |2 undef 
100 1 |a Tichý, Aleš,  |d 1931-1988  |7 jk01132396  |4 aut 
245 1 0 |a Angličtina pro posluchače přírodovědecké fakulty /  |c Aleš Tichý 
250 |a 1. vyd. 
260 |a Praha :  |b Státní pedagogické nakladatelství,  |c 1962 
300 |a 227 s. 
490 1 |a Učební texty vysokých škol 
500 |a Anglicko-český slovník. 
500 |a Rotaprint. 
710 2 |a Univerzita J.E. Purkyně v Brně.  |b Přírodovědecká fakulta  |7 kn20010709351 
810 2 |a Univerzita J.E. Purkyně v Brně.  |b Přírodovědecká fakulta.  |t Učební texty vysokých škol  |0 s 
910 |a BOA001  |b PK-N-0006.052 
964 |a Angličtina - texty vysokoškolské - fakulty přírodovědecké 
990 |a BK 
996 6 |b BC-181181  |c PK-N-0006.052  |l MZK  |r Sklad / do 1 hodiny  |n 0  |w 000755023  |u 000010  |a 1  |e BOA001  |j MZK50  |s P